000 00521nam a22001697a 4500
005 20251108171245.0
008 250721s1983 xx 000 0 ara d
082 1 4 _a371.1/فهي
100 1 _aفهيم، محمود عيسى
245 1 0 _aإعداد أعضاء هيئة التدريس /
264 1 _aمكة :
_bجامعة أم القرى،
_c1983.
300 _a76ص
490 0 _aسلسلة الدراسات و البحوث التربوية ؛ 9
650 1 7 _aالتدريس
942 _2ddc
_cBK
999 _c60603
_d60603